Quizzes
Events
Quiz Creation
Community
Videos
Private Events
Remove Ads
Sign In
Join for FREE
Feedback
Dark Mode
Quiz Categories
Sports
Geography
Music
Movies
Television
Just For Fun
Miscellaneous
History
Literature
Language
Science
Gaming
Entertainment
Religion
Holiday
For Kids
Quiz Lab
Recent
Popular Today
Quiz Kudos Today
Editor Picks
Curator Picks
Quizzes by...
Day
Popularity
Type
Ratings
Length
Year
Community
Subscriptions
Recent Discussions
Orange Saloon
Badges
Playlists
Quests
Create
Leaderboards
Showdown
Live 5
Trivia Bingo
Activity
Puzzle Library
Sporcle Events
Private Events
Virtual Trivia
Globe League
Become a Host
Pub Owners
SporcleCon
Opinionation
Our Games
Videos
Blog
Mobile Apps
Partnerships
Remove Ads and Go Orange
Feedback
Geography
Country
Landmarks
City
State
Population
World
Capital
Continent
Flags
Europe
Africa
Asia
South America
North America
Oceania
Border
Canada
United Kingdom
Topography
United States
Geography
Country
Landmarks
City
State
Population
World
Capital
Continent
Flags
Europe
Africa
Asia
South America
North America
Oceania
Border
Canada
United Kingdom
Topography
United States
Random Quiz
Search Sporcle
×
Quiz Lab
Quiz Lab
Geography
Landmarks
Type in answers that appear in a list
Type in answers that appear in a list
Classic
Best Score? Go Orange.
Barcelona Landmarks Stats
Can you name the Barcelona Landmarks?
By
vivalawonton
8m
25 Questions
354 Plays
354 Plays
354 Plays
Comments
Comments
Give Quiz Kudos
Give Quiz Kudos
-
- Ratings
hide this ad
More Info
Replay
Link that replays current quiz
Next Quiz
Link to next quiz in quiz playlist
You Got
0%
They Got
Avg Score
40%
Avg Friend Score
Upgrade to see
Score Distribution
Jump to the score distribution portion of the page
Score
0/25
Timer
08:00
0
Plays Today
Description
Landmark
% Correct
Gaudi's cathedral and most important work
La Sagrada Familia
91%
FC Barcelona Stadium
Camp Nou
87.3%
Most famous street in Barcelona; always crowded with pedestrians and street performers
La Rambla
85.6%
Gaudi's park
Parc Guell
80.5%
Famous modernisme apartment building designed by Gaudi
Casa Mila
56.2%
Mountain/
Amusement Park overlooking the city
Tibidabo
52.3%
Main street of Barcelona cutting through the heart of the city
Avinguda Diagonal
47.7%
Famous fresh food market
Mercat de la Boqueria
46%
Museum in dedication to Spain's most famous painter
Museu Picasso
45.5%
Famous arch near the Parc de la Ciutadella
Arc de Triomf
42.9%
Famous modernisme apartment building designed by Gaudi
Casa Batllo
39.8%
City center plaza
Placa Catalunya
39.8%
Statue overlooking Port Vell in honor of the discory of the New World
Monument a Colom
38.4%
Description
Landmark
% Correct
Luxury shopping street
Passeig de Gracia
35.3%
Gothic Roman Catholic cathedral
La Catedral de la Santa Creu i Santa Eulalia
33.3%
Famous Gothic church dedicated to the fisherman and sailors of Barcelona
Santa Maria del Mar
29.9%
Colorful futuristic skyscraper
Torre Agbar
26.8%
Colorful and musical fountain near Placa d'Espanya
Font Magica de Montjuic
26.3%
Castle that once defended the city
Castell de Montjuic
23.4%
Modernisme-
influenced hospital; part of a UNESCO World Heritage Site
L'Hospital de la Santa Creu i Sant Pau
19.5%
Traditional fountain of Barcelona and center of FC Barcelona fanaticism
Font de Canaletes
18.9%
1992 Olympic stadium and former home to RCD Espanyol
Estadi Olimpic Lluis Companys
17.8%
A famous bar where that painter frequently visited
Els Quatre Gats
16.9%
Barcelona concert hall
Palau de la Musica Catalana
14.1%
Boardwalk on the sea where the night life is always busy because of the free bars and clubs
Port Olimpic
9.3%
Quiz Playlist
Details
Report
Send in Message
Add To Playlist
More Info:
See if you know these must-see places for anyone visiting la Ciutat Comtal!
Classic:
Type in answers that appear in a list
Last Updated: Feb 16, 2017
Quiz Scoreboard
CHALLENGE
Sign Up to Join the Scoreboard
Show All
Scores
Hide
Comments
May contain spoilers
Recently Published
An Introduction to Baseball
by treessimontrees
Sports
5m
Movies - When Are They Set?
by FPL_Elf
Movies
5m
Popular People in 1961
by mucciniale
History
6m
More to Explore
Quiz From the Vault
Featured Blog Post
Where Did the Easter Bunny Come From?
hide this ad
You Might Also Like...
Tags
Landmarks Quiz
Barcelona
Spain
tourism
Today's Top Quizzes in Geography
Browse Geography
hide this ad
Today's Top Quizzes in Landmarks
Browse Landmarks
Top Contributed Quizzes in Geography
1
Countries of the World - No Outlines Minefield
2
Top 25 Cities of France on a map
3
Closest Countries to UK A-Z
4
Any capital of a 'B' country per Continent
5
One Thing in Common: United Kingdom
6
Find the Provinces of Canada - No Outlines Minefield
7
Any capital of a 'C' country per Continent
8
Blind Secret Country CLXXXVIII
9
Find the US States - No Outlines
10
Any capital of a 'D' country per Continent
Explore More
Trending Topics
Harry Potter
Kpop
Crossword
NBA
Disney
Anime
Marvel
Country
NFL
Puzzle
The Office
WWE
Soccer
Song
Pokémon
hide this ad
More By:
vivalawonton
Quiz
Plays
Rating
Category
Featured
Created
Teams of La Liga BBVA
2,238
4.25
Sports
Aug 28, 2010
FC Barcelona Current Squad
1,879
4.75
Sports
Aug 27, 2010
Advanced FC Barcelona Trivia
1,258
3.60
Sports
Aug 14, 2010
Catalan - Basic Phrases
811
4.83
Language
Aug 16, 2010
Barcelona Landmarks
354
3.50
Geography
Aug 14, 2010
Go to Creator's Profile
Score Distribution
Quiz Creator Spotlight
vivalawonton
Follow
Send a Message
Quizzes Created
-
Created Quiz Play Count
-
More By This Creator
Popular Quizzes Today
1
Find the Countries of Europe - No Outlines Minefield
2
Find the US States - No Outlines Minefield
3
The Countries of the World
4
Popular People in 1961
5
US States
6
Find the US States
7
1-10 Letter E Words III
8
Risky Map Clicking: Biggest States A-Z
More Geography Quizzes
Overweight Countries
Published
Trending Quizzes
Risky Map Clicking: Least Populous States A-Z
1-10 Letter F Words
1-10 Letter G Words
One Thing in Common: United Kingdom
Not Quite an Element Typing Challenge
Recently Updated
Leaping Animals
pecheneg
Reality TV Shows (A-Z)
bhenderson79
Rickey Henderson's Hall of Fame Teammates
pecheneg
Champions League XIs: Arsenal
pecheneg
Quick Pick: Celebrities in WWE's Hall of Fame
aduchscher
A-Z Keypad Blitz II
pecheneg
Multiple Oscar Actors
pecheneg
Mystery Phrase Blitz: Oscar 'Best Actors'
pecheneg
F. Scott Fitzgerald Novels
LTH
Pick 3 Villains
ddd62291
Trending Topics
NBA
Kpop
Anime
Disney
Crossword
Marvel
Harry Potter
WWE
Soccer
Puzzle
The Office
NFL
Pokémon
Song
Country
Your Account Isn't Verified!
In order to create a playlist on Sporcle, you need to verify the email address you used during registration. Go to your
Sporcle Settings
to finish the process.
Report this User
Report this user for behavior that violates our
Community Guidelines
.
Details:
Send Report
Go to the Sporcle.com Mobile Site →
Comments